000 00696nam a2200229Ia 4500
001 17065
003 GE_BSU
008 181216s||||||||xx |||||||||||||| ||und||
040 _cGE_BSU
080 _a821.353.1-343
100 _aასათიანი, მამია
245 _aხალდეს ყვავილები
245 _bლეგენდები
245 _cრედ. ც.ნიკოლაიშვილი.
260 _aთბილისი
260 _bნაკადული
260 _c1966
300 _a270გვ. ; 22სმ
653 _aლეგენდები
653 _aხალდეს ყვავილები
942 _cBK
999 _c50127
_d50127